<?xml version="1.0" encoding="UTF-8"?>
<record
    xmlns:xsi="http://www.w3.org/2001/XMLSchema-instance"
    xsi:schemaLocation="http://www.loc.gov/MARC21/slim http://www.loc.gov/standards/marcxml/schema/MARC21slim.xsd"
    xmlns="http://www.loc.gov/MARC21/slim">

  <leader>00726cas a2200241   4500</leader>
  <controlfield tag="001">20840</controlfield>
  <controlfield tag="003">NPUST-NET</controlfield>
  <controlfield tag="005">20260204105810.0</controlfield>
  <controlfield tag="008">950104 1990    ch                  chi d</controlfield>
  <datafield tag="015" ind1=" " ind2=" ">
    <subfield code="a">144965</subfield>
  </datafield>
  <datafield tag="022" ind1="1" ind2=" ">
    <subfield code="a">10158367</subfield>
  </datafield>
  <datafield tag="035" ind1=" " ind2=" ">
    <subfield code="a">(FSTOP)144965</subfield>
  </datafield>
  <datafield tag="040" ind1=" " ind2=" ">
    <subfield code="a">&#x5EF8;&#x61CB;</subfield>
    <subfield code="c">&#x5EF8;&#x61CB;</subfield>
  </datafield>
  <datafield tag="041" ind1="0" ind2=" ">
    <subfield code="a">chi</subfield>
  </datafield>
  <datafield tag="042" ind1=" " ind2=" ">
    <subfield code="a">nbic</subfield>
  </datafield>
  <datafield tag="044" ind1=" " ind2=" ">
    <subfield code="a">ch</subfield>
  </datafield>
  <datafield tag="090" ind1=" " ind2=" ">
    <subfield code="b">2008 v34 n8</subfield>
  </datafield>
  <datafield tag="245" ind1="0" ind2="0">
    <subfield code="a">&#x9109;&#x9593;&#x5C0F;&#x8DEF; &#x96DC;&#x8A8C;</subfield>
  </datafield>
  <datafield tag="260" ind1=" " ind2=" ">
    <subfield code="a">&#x81FA;&#x5317;&#x5E02; :</subfield>
    <subfield code="b">&#x8C50;&#x5E74;&#x793E;,</subfield>
    <subfield code="c">&#x6C11;79-</subfield>
  </datafield>
  <datafield tag="300" ind1=" " ind2=" ">
    <subfield code="a">&#x518A; ;</subfield>
    <subfield code="c">30&#x516C;&#x5206;</subfield>
  </datafield>
  <datafield tag="590" ind1=" " ind2=" ">
    <subfield code="a">v.7:6-7,11-12,16,34,36,38-45,47,48(&#x6C11;70);v.11:4,11,24,26,28,34-38,40-42,45,48,49,51,52(&#x6C11;74);v.14;7-11,13-16,20 ,28,32,34,38,39(&#x6C11;77);v.15:2-8,12,22-24,29,39,41-44,46-50(&#x6C11;78);v.16(&#x6C11;79)-</subfield>
  </datafield>
  <datafield tag="942" ind1=" " ind2=" ">
    <subfield code="2">ccl</subfield>
    <subfield code="c">JOURNAL</subfield>
  </datafield>
  <datafield tag="999" ind1=" " ind2=" ">
    <subfield code="c">7695</subfield>
    <subfield code="d">7695</subfield>
  </datafield>
  <datafield tag="952" ind1=" " ind2=" ">
    <subfield code="0">0</subfield>
    <subfield code="1">0</subfield>
    <subfield code="2">ccl</subfield>
    <subfield code="4">0</subfield>
    <subfield code="7">0</subfield>
    <subfield code="a">yeezen</subfield>
    <subfield code="b">yeezen</subfield>
    <subfield code="d">2026-02-04</subfield>
    <subfield code="o">N.1</subfield>
    <subfield code="p">N20405</subfield>
    <subfield code="r">2026-02-04 00:00:00</subfield>
    <subfield code="w">2026-02-04</subfield>
    <subfield code="y">JOURNAL</subfield>
    <subfield code="z">&#x89C0;&#x8CDE;&#x9B5A;&#x8766;&#x6307;&#x5357;&#xFF1A;&#x6C34;&#x5E95;&#x6C5F;&#x6E56;
&#x98A8;&#x6C34;&#x62DB;&#x8CA1;&#x9B5A;&#xFF1A;&#x5929;&#x9F8D;&#x7BC7; &#x98A8;&#x6C34;&#x795E;&#x7378;&#x5230;&#x9ED1;&#x5E02;&#x6697;&#x6D41;&#xFF1A;&#x9AA8;&#x7070;&#x7D1A;&#x9F8D;&#x9B5A;&#x5E97;&#x56DB;&#x5341;&#x5E74;&#x98A8;&#x83EF;&#x2500;&#x2500;&#x662D;&#x8F1D;&#x6C34;&#x65CF;&#x7CBE;&#x54C1;&#x9F8D;&#x9B5A;
&#x98A8;&#x6C34;&#x62DB;&#x8CA1;&#x9B5A;&#xFF1A;&#x5730;&#x864E;&#x7BC7; &#x50F9;&#x683C;&#x5D29;&#x76E4;&#x5230;&#x57FA;&#x56E0;&#x7D05;&#x5229;&#xFF1A;&#x9B5F;&#x9B5A;&#x5E1D;&#x738B;&#x7684;&#x6C34;&#x5E95;&#x7522;&#x696D;&#x9769;&#x547D;&#x2500;&#x2500;&#x6600;&#x6CF0;&#x9B5F;&#x696D;&#x3002;</subfield>
  </datafield>
  <datafield tag="952" ind1=" " ind2=" ">
    <subfield code="0">0</subfield>
    <subfield code="1">0</subfield>
    <subfield code="2">ccl</subfield>
    <subfield code="4">0</subfield>
    <subfield code="7">0</subfield>
    <subfield code="a">yeezen</subfield>
    <subfield code="b">yeezen</subfield>
    <subfield code="c">YEEZEN</subfield>
    <subfield code="d">2026-02-04</subfield>
    <subfield code="l">0</subfield>
    <subfield code="o">N.2</subfield>
    <subfield code="p">N20406</subfield>
    <subfield code="r">2026-02-04 00:00:00</subfield>
    <subfield code="w">2026-02-04</subfield>
    <subfield code="y">JOURNAL</subfield>
    <subfield code="z">&#x3010;&#x5E74;&#x67D1;&#x5927;&#x6854;&#x3011;  &#x81FA;&#x7063;&#x8FB2;&#x66C6;&#x904E;&#x5E74;&#x524D;&#x5F8C;&#xFF0C;&#x5F9E;&#x5E02;&#x5834;&#x5230;&#x5BA2;&#x5EF3;&#xFF0C;&#x7D93;&#x5E38;&#x898B;&#x5230;&#x6A58;&#x5B50;&#x6210;&#x5806;&#x6210;&#x5854;&#xFF0C;&#x5916;&#x89C0;&#x8A0E;&#x559C;&#x3001;&#x98A8;&#x5473;&#x9178;&#x751C;&#xFF0C;&#x6070;&#x80FD;&#x4F5C;&#x70BA;&#x5927;&#x5BB6;&#x8336;&#x9918;&#x98EF;&#x5F8C;&#x6536;&#x5C3E;&#x3002;&#x4E0D;&#x904E;&#x6A58;&#x5B50;&#x53EA;&#x662F;&#x773E;&#x591A;&#x67D1;&#x6A58;&#x88E1;&#x7684;&#x4E00;&#x89D2;&#xFF0C;&#x5BB4;&#x5BA2;&#x826F;&#x4F34;&#x67F3;&#x6A59;&#x6C41;&#x3001;&#x9178;&#x723D;&#x6D88;&#x6691;&#x7684;&#x6AB8;&#x6AAC;&#x51B0;&#x6C99;&#x3001;&#x4E2D;&#x79CB;&#x70E4;&#x8089;&#x89E3;&#x81A9;&#x7684;&#x67DA;&#x5B50;&#x3001;&#x6F64;&#x5589;&#x5999;&#x65B9;&#x91D1;&#x68D7;&#x8336;&#xFF0C;&#x67D1;&#x6A58;&#x6210;&#x54E1;&#x5343;&#x8B8A;&#x842C;&#x5316;&#xFF0C;&#x7F8E;&#x98DF;&#x4F73;&#x91C0;&#x6578;&#x4E0D;&#x6E05;&#x3002;&#x7576;&#x7136;&#x6700;&#x8FF7;&#x4EBA;&#x7684;&#xFF0C;&#x59CB;&#x7D42;&#x662F;&#x7576;&#x5B63;&#x8C50;&#x7F8E;&#x679C;&#x5BE6;&#x5165;&#x53E3;&#xFF0C;&#x8FF8;&#x767C;&#x9178;&#x751C;&#x9999;&#x82E6;&#x7B49;&#x8C50;&#x5BCC;&#x7684;&#x6ECB;&#x5473;&#x3002;</subfield>
  </datafield>
  <datafield tag="952" ind1=" " ind2=" ">
    <subfield code="0">0</subfield>
    <subfield code="1">0</subfield>
    <subfield code="2">ccl</subfield>
    <subfield code="4">0</subfield>
    <subfield code="7">0</subfield>
    <subfield code="a">yeezen</subfield>
    <subfield code="b">yeezen</subfield>
    <subfield code="c">YEEZEN</subfield>
    <subfield code="d">2026-03-05</subfield>
    <subfield code="l">1</subfield>
    <subfield code="o">N.3</subfield>
    <subfield code="p">N20416</subfield>
    <subfield code="r">2026-03-30 00:00:00</subfield>
    <subfield code="s">2026-03-23</subfield>
    <subfield code="t">N.3</subfield>
    <subfield code="w">2026-03-05</subfield>
    <subfield code="y">JOURNAL</subfield>
    <subfield code="z">&#x3010;&#x8C46;&#x9663;&#x4FF1;&#x6A02;&#x90E8;&#x3011;  &#x8C46;&#x5B50;&#x8207;&#x6211;&#x5011;&#x76F8;&#x7576;&#x89AA;&#x5BC6;&#xFF0C;&#x5F88;&#x591A;&#x4EBA;&#x7684;&#x555F;&#x8499;&#x7AE5;&#x66F8;&#x5305;&#x542B;&#x300A;&#x8C4C;&#x8C46;&#x516C;&#x4E3B;&#x300B;&#x548C;&#x300A;&#x5091;&#x514B;&#x8207;&#x9B54;&#x8C46;&#x300B;&#xFF0C;&#x5C0F;&#x5B78;&#x5E38;&#x7528;&#x8C46;&#x82BD;&#x4F5C;&#x70BA;&#x751F;&#x6D3B;&#x8AB2;&#x6559;&#x6750;&#xFF0C;&#x98F2;&#x98DF;&#x66F4;&#x662F;&#x4E0D;&#x4E4F;&#x898B;&#x5230;&#x8C46;&#x6F3F;&#x3001;&#x6DBC;&#x62CC;&#x8C46;&#x8150;&#x3001;&#x7092;&#x8C46;&#x83A2;&#x3001;&#x8C46;&#x5B50;&#x6E6F;&#x3002;&#x8C46;&#x8C46;&#x5BB6;&#x65CF;&#x6210;&#x54E1;&#x773E;&#x591A;&#xFF0C;&#x7D05;&#x3001;&#x7DA0;&#x3001;&#x9EC3;&#x3001;&#x9ED1;&#x8C46;&#x4EE5;&#x5916;&#xFF0C;&#x9084;&#x6709;&#x82B1;&#x751F;&#x3001;&#x8C4C;&#x8C46;&#x3001;&#x7687;&#x5E1D;&#x8C46;&#x3001;&#x7FFC;&#x8C46;&#x3001;&#x6A39;&#x8C46;&#x7B49;&#x7B49;&#xFF0C;&#x5B83;&#x5011;&#x82E5;&#x5F9E;&#x4E16;&#x754C;&#x6D88;&#x5931;&#xFF0C;&#x5927;&#x773E;&#x751F;&#x6D3B;&#x8207;&#x9910;&#x684C;&#x6703;&#x55AE;&#x8ABF;&#x4E0D;&#x5C11;&#x3002;</subfield>
  </datafield>
  <datafield tag="952" ind1=" " ind2=" ">
    <subfield code="0">0</subfield>
    <subfield code="1">0</subfield>
    <subfield code="2">ccl</subfield>
    <subfield code="4">0</subfield>
    <subfield code="7">0</subfield>
    <subfield code="a">yeezen</subfield>
    <subfield code="b">yeezen</subfield>
    <subfield code="c">YEEZEN</subfield>
    <subfield code="d">2026-04-01</subfield>
    <subfield code="l">0</subfield>
    <subfield code="o">N.4</subfield>
    <subfield code="p">N20425</subfield>
    <subfield code="r">2026-04-01 00:00:00</subfield>
    <subfield code="t">N.4</subfield>
    <subfield code="w">2026-04-01</subfield>
    <subfield code="y">JOURNAL</subfield>
    <subfield code="z">&#x3010;&#x597D;&#x5BA2;&#x5BB6;&#x5473;&#x3011;  &#x5BA2;&#x5BB6;&#x83DC;&#x662F;&#x81FA;&#x7063;&#x98F2;&#x98DF;&#x4E00;&#x74B0;&#xFF0C;&#x76F8;&#x4FE1;&#x5BA2;&#x5BB6;&#x5C0F;&#x7092;&#x3001;&#x6885;&#x4E7E;&#x6263;&#x8089;&#x7B49;&#x7D93;&#x5178;&#x91CD;&#x53E3;&#x5473;&#x83DC;&#x8272;&#xFF0C;&#x9109;&#x53CB;&#x5011;&#x4E26;&#x4E0D;&#x964C;&#x751F;&#x3002;&#x81FA;&#x7063;&#x7269;&#x7522;&#x8C50;&#x9952;&#x3001;&#x751F;&#x6D3B;&#x6A23;&#x614B;&#x591A;&#x5143;&#xFF0C;&#x4E0D;&#x53EA;&#x7C84;&#x689D;&#x3001;&#x9E79;&#x6E6F;&#x5713;&#x5206;&#x300C;&#x5357;&#x5317;&#x6D3E;&#x300D;&#xFF0C;&#x9E79;&#x64C2;&#x8336;&#x3001;&#x6728;&#x74DC;&#x7C84;&#x3001;&#x82B1;&#x751F;&#x8C46;&#x8150;&#x9084;&#x662F;&#x9109;&#x93AE;&#x9650;&#x5B9A;&#x7F8E;&#x98DF;&#xFF0C;&#x671F;&#x5F85;&#x5927;&#x5BB6;&#x5230;&#x7522;&#x5730;&#x89AA;&#x5690;&#xFF0C;&#x611F;&#x53D7;&#x5BA2;&#x5BB6;&#x6599;&#x7406;&#x7684;&#x9B45;&#x529B;&#x3002;</subfield>
  </datafield>
</record>
